000 00483nam a22001577a 4500
999 _c513011
_d513011
008 200108b ||||| |||| 00| 0 eng d
100 _aSingh, Manu
_915230
245 _aBharat mei ganthbandhan sarkar ka daur: Ek vivechan
260 _bLok Prashasan
300 _a11(2), Jul-Dec, 2019: p.225-235.
650 _aIndia - Government and politics
_915231
700 _aMeena, Janak Singh
_915232
773 _aLok Prashasan
906 _aCoalition government - India
942 _cAR